• 首页
  • 本馆介绍
  • 公告通知
  • 最新文献
  • 馆藏检索
  • 电子资源
  • 读者导购
  • 参考咨询
  • 我的图书馆
  • 登录
  • 详细信息显示
  • 放入我的书架
  • 预约/预借图书
  • 作者相关作品
  • 分类相关作品
  • 丛书相关作品
  • 出版社相关作品

书目信息

  • 表格格式
  • 工作单格式
  • 卡片格式
题名:
行走的课堂
    
 
作者: 姜家丽 著
分册:  
出版信息: 济南   山东大学出版社  2021.01
页数: 293页
开本: 24cm
丛书名:
单 册:
中图分类: G631.6
科图分类:
主题词: 中小学--品德教育--研究--山东
电子资源:
ISBN: 978-7-5607-7270-7
000 00971nam0 2200253 450
001 012001001387
005 20141202142659.0
010    @a978-7-5607-7270-7@dCNY58.00
100    @a20220905d2021 em y0chiy0110 ea
101 0  @achi
102    @aCN@b370000
105    @aa z 000yy
106    @ar
200 1  @a行走的课堂@Axing zou de ke tang@e齐鲁研学参考课程@f姜家丽著
210    @a济南@c山东大学出版社@d2021.01
215    @a293页@c图@d24cm
300    @a全国教育科学规划教育部重点课题“青少年研学旅行地方课程研究”
330    @a本书主要以当地旅游资源为课程背景,在深入挖掘文化内涵的同时,开设了多种不同主题及形式的活动课程,小到活动的准备环节、注意事项,大到参观的景区及活动的开展流程,都详细地呈现出每个活动的场景及效果。
517 1  @a齐鲁研学参考课程@Aqi lu yan xue can kao ke cheng
606 0  @a中小学@x品德教育@x研究@y山东
690    @aG631.6@v5
701  0 @a姜家丽@Ajiang jia li@4著
801  0 @aCN@bAHXH@c20221111
905    @b1371019-23@dG631.6@e1460@f5
    
    行走的课堂:齐鲁研学参考课程/姜家丽著.-济南:山东大学出版社,2021.01
    293页:图;24cm
    全国教育科学规划教育部重点课题“青少年研学旅行地方课程研究”
    
    ISBN 978-7-5607-7270-7:CNY58.00
    本书主要以当地旅游资源为课程背景,在深入挖掘文化内涵的同时,开设了多种不同主题及形式的活动课程,小到活动的准备环节、注意事项,大到参观的景区及活动的开展流程,都详细地呈现出每个活动的场景及效果。
●
相关链接 在E读中查询图书 在五车中查询图书 在当当中查询图书 在豆瓣中查询图书


正题名:行走的课堂     索取号:G631.6/1460         预约/预借

序号 登录号 条形码 馆藏地/架位号 状态 备注
1 1371019   213710199   第一样本阅览室/ [索取号:G631.6/1460] 在馆    
2 1371020   213710206   教育系资料室/ [索取号:G631.6/1460] 在馆    
3 1371021   213710215   教育系资料室/ [索取号:G631.6/1460] 在馆    
4 1371022   213710224   第四借阅区/ [索取号:G631.6/1460] 在馆    
5 1371023   213710233   第四借阅区/ [索取号:G631.6/1460] 在馆    
唐山师范学院图书馆 欢迎您!
大连网信软件有限公司© 版权所有